|
|
|
|
| LEADER |
00000cas a2200000 a 4500 |
| 001 |
vtls001477593 |
| 003 |
SK-MaSNL |
| 005 |
20260228161322.0 |
| 008 |
040630d19982018xo qr|p 0 0b0slo |
| 022 |
|
|
|a 1335-874X
|
| 035 |
|
|
|a SNK000432893
|
| 040 |
|
|
|a SNK
|b slo
|c SNK
|d SVKBB
|d SAVUK
|e AACR2
|
| 041 |
0 |
|
|a slo
|b eng
|
| 044 |
|
|
|a xo
|c SK
|
| 072 |
|
7 |
|a 502
|x Životné prostredie a jeho ochrana
|2 konspekt
|
| 072 |
|
7 |
|a 504
|x Znečistenie a poškodenie životného prostredia
|2 konspekt
|
| 072 |
|
7 |
|a 574
|x Všeobecná ekológia
|2 konspekt
|
| 080 |
|
|
|a 502.2
|2 2011
|
| 080 |
|
|
|a 502/504
|2 2011
|
| 080 |
|
|
|a 050
|2 2011
|
| 080 |
|
|
|a (051)-027.561
|2 2011
|
| 080 |
|
|
|a 574
|2 2011
|
| 210 |
0 |
|
|a XXI. stor.
|
| 222 |
|
0 |
|a XXI. storočie
|
| 245 |
0 |
0 |
|a XXI. storočie
|b magazín pre priemyselnú ekológiu
|
| 246 |
1 |
3 |
|a Dvadsiateprvé storočie
|
| 246 |
1 |
3 |
|a 21. storočie
|b magazín pre priemyselnú ekológiu
|f 2005-2018
|
| 260 |
|
|
|a Bratislava
|b Envira
|c 1998-2018
|
| 300 |
|
|
|a 21 zv.
|c 30 cm
|
| 310 |
|
|
|a 4x ročne
|
| 362 |
0 |
|
|a 1998-2018
|
| 500 |
|
|
|a Reg. číslo: MK SR 1860/98
|
| 500 |
|
|
|a Šéfredaktorka: ?-2018, Zdenka Rabayová
|
| 500 |
|
|
|a V č. 1/2015 je chybne uvečený roč. 18
|
| 525 |
|
|
|a Od roku 2003 je súčasťou periodika príloha Recyklačný fond
|
| 525 |
|
|
|a Od roku 2009 je súčasťou periodika príloha Recyklačný priemysel
|
| 650 |
0 |
7 |
|a environmentalistika
|2 SNKPH
|9 787
|
| 650 |
0 |
7 |
|a životné prostredie
|2 SNKPH
|9 786
|
| 650 |
0 |
7 |
|a ekológia
|2 SNKPH
|9 785
|
| 655 |
|
7 |
|a odborné časopisy
|2 SNKPH
|9 70505
|
| 700 |
1 |
|
|a Rabayová, Zdenka
|4 pbd
|9 268407
|
| 856 |
4 |
1 |
|u http://www.21storocie.sk/
|
| 910 |
|
|
|a savuk
|
| 910 |
|
|
|a snk
|
| 916 |
|
|
|a 1999-2015, 2016, 2017
|
| 999 |
|
|
|c 4996
|d 6926
|
| 952 |
|
|
|0 0
|1 0
|4 0
|7 0
|8 0
|a SNK
|b SNK
|d 2020-11-23
|i snk2020/20839
|l 0
|o snkČSB 5593/19/2017 D1
|p 17A1432110
|r 2026-02-21 19:24:24
|t č. 1-4, neúplné
|w 2026-02-21
|y PREZ
|z Chýba č. 2, 4
|
| 952 |
|
|
|0 0
|1 0
|4 0
|7 0
|8 0
|a SNK
|b SNK
|d 2018-08-24
|i snk2018/17337
|l 0
|o snkČSB 5593/18/2016 D1
|p 17A1327234
|r 2026-02-21 20:22:55
|t č. 1-4
|w 2026-02-21
|y PREZ
|
| 952 |
|
|
|0 0
|1 0
|4 0
|7 0
|8 0
|a SNK
|b SNK
|d 2008-03-03
|f 1
|i snk2008/5323
|l 0
|o snkČSB 5593/2/1999-2000
|p 17A0563401
|r 2026-02-21 20:39:15
|t č. 1-3, dec.1999/jan. 2000
|w 2026-02-21
|y PREZ
|
| 952 |
|
|
|0 0
|1 0
|4 0
|7 0
|8 0
|a SNK
|b SNK
|d 2008-03-03
|i snk2008/5324
|l 0
|o snkČSB 5593/2/1999-2000 D1
|p 17A0563402
|r 2026-02-21 20:39:15
|t č. 1-dec. 1999/jan. 2000
|w 2026-02-21
|y PREZ
|
| 952 |
|
|
|0 0
|1 0
|4 0
|7 0
|8 0
|a SNK
|b SNK
|d 2008-03-03
|f 1
|i snk2008/5325
|l 0
|o snkČSB 5593/3/2000
|p 17A0563403
|r 2026-02-21 20:39:15
|t č.2-5
|w 2026-02-21
|y PREZ
|
| 952 |
|
|
|0 0
|1 0
|4 0
|7 0
|8 0
|a SNK
|b SNK
|d 2008-03-03
|i snk2008/5326
|l 0
|o snkČSB 5593/3/2000 D1
|p 17A0563404
|r 2026-02-21 20:39:15
|t č. 2-5
|w 2026-02-21
|y PREZ
|
| 952 |
|
|
|0 0
|1 0
|4 0
|7 0
|8 0
|a SNK
|b SNK
|d 2008-03-03
|f 1
|i snk2008/5327
|l 0
|o snkČSB 5593/4/2001
|p 17A0563405
|r 2026-02-21 20:39:15
|t č. 1-4
|w 2026-02-21
|y PREZ
|
| 952 |
|
|
|0 0
|1 0
|4 0
|7 0
|8 0
|a SNK
|b SNK
|d 2008-03-03
|f 1
|i snk2008/5328
|l 0
|o snkČSB 5593/5/2002
|p 17A0563406
|r 2026-02-21 20:39:15
|t č. 1-4
|w 2026-02-21
|y PREZ
|
| 952 |
|
|
|0 0
|1 0
|4 0
|7 0
|8 0
|a SNK
|b SNK
|d 2008-03-03
|i snk2008/5329
|l 0
|o snkČSB 5593/5/2002 D1
|p 17A0563407
|r 2026-02-21 20:39:15
|t č. 3-4, neúplné
|w 2026-02-21
|y PREZ
|z Chýba č. 1-2.
|
| 952 |
|
|
|0 0
|1 0
|4 0
|7 0
|8 0
|a SNK
|b SNK
|d 2008-03-03
|f 1
|i snk2008/5330
|l 0
|o snkČSB 5593/6/2003
|p 17A0563408
|r 2026-02-21 20:39:15
|t č. 1-4
|w 2026-02-21
|y PREZ
|
| 952 |
|
|
|0 0
|1 0
|4 0
|7 0
|8 0
|a SNK
|b SNK
|d 2008-03-03
|i snk2008/5331
|l 0
|o snkČSB 5593/6/2003 D1
|p 17A0563409
|r 2026-02-21 20:39:15
|t č. 1-4
|w 2026-02-21
|y PREZ
|
| 952 |
|
|
|0 0
|1 0
|4 0
|7 0
|8 0
|a SNK
|b SNK
|d 2008-03-03
|f 1
|i snk2008/5332
|l 0
|o snkČSB 5593/7/2004
|p 17A0563410
|r 2026-02-21 20:39:15
|t č. 1-4
|w 2026-02-21
|y PREZ
|
| 952 |
|
|
|0 0
|1 0
|4 0
|7 0
|8 0
|a SNK
|b SNK
|d 2008-03-03
|i snk2008/5333
|l 0
|o snkČSB 5593/7/2004 D1
|p 17A0563411
|r 2026-02-21 20:39:15
|t č. 1-4
|w 2026-02-21
|y PREZ
|
| 952 |
|
|
|0 0
|1 0
|4 0
|7 0
|8 0
|a SNK
|b SNK
|d 2008-03-03
|i snk2008/5335
|l 0
|o snkČSB 5593/8/2005 D1
|p 17A0563413
|r 2026-02-21 20:39:15
|t č. 1-4
|w 2026-02-21
|y PREZ
|
| 952 |
|
|
|0 0
|1 0
|4 0
|7 0
|8 0
|a SNK
|b SNK
|d 2014-03-19
|f 1
|i snk2014/7101
|l 0
|o snkČSB 5593/11/2008
|p 17A1087757
|r 2026-02-21 20:42:08
|t č. 1-4
|w 2026-02-21
|y PREZ
|
| 952 |
|
|
|0 0
|1 0
|4 0
|7 0
|8 0
|a SNK
|b SNK
|d 2014-03-19
|i snk2014/7102
|l 0
|o snkČSB 5593/11/2008 D1
|p 17A1087758
|r 2026-02-21 20:42:09
|t č. 1-4
|w 2026-02-21
|y PREZ
|
| 952 |
|
|
|0 0
|1 0
|4 0
|7 0
|8 0
|a SNK
|b SNK
|d 2014-03-19
|f 1
|i snk2014/7108
|l 0
|o snkČSB 5593/12/2009
|p 17A1087759
|r 2026-02-21 20:42:09
|t č. 1-4
|w 2026-02-21
|y PREZ
|
| 952 |
|
|
|0 0
|1 0
|4 0
|7 0
|8 0
|a SNK
|b SNK
|d 2014-03-19
|i snk2014/7111
|l 0
|o snkČSB 5593/12/2009 D1
|p 17A1087760
|r 2026-02-21 20:42:09
|t č. 1-4
|w 2026-02-21
|y PREZ
|
| 952 |
|
|
|0 0
|1 0
|4 0
|7 0
|8 0
|a SNK
|b SNK
|d 2014-03-19
|f 1
|i snk2014/7114
|l 0
|o snkČSB 5593/13/2010
|p 17A1087761
|r 2026-02-21 20:42:09
|t č. 1-4
|w 2026-02-21
|y PREZ
|
| 952 |
|
|
|0 0
|1 0
|4 0
|7 0
|8 0
|a SNK
|b SNK
|d 2014-03-19
|i snk2014/7115
|l 0
|o snkČSB 5593/13/2010 D1
|p 17A1087762
|r 2026-02-21 20:42:09
|t č. 1-4, neúplné
|w 2026-02-21
|y PREZ
|z Chýba č. 3
|
| 952 |
|
|
|0 0
|1 0
|4 0
|7 0
|8 0
|a SNK
|b SNK
|d 2014-03-19
|f 1
|i snk2014/7130
|l 0
|o snkČSB 5593/14/2011
|p 17A1087763
|r 2026-02-21 20:42:09
|t č. 1-4
|w 2026-02-21
|y PREZ
|
| 952 |
|
|
|0 0
|1 0
|4 0
|7 0
|8 0
|a SNK
|b SNK
|d 2014-03-19
|i snk2014/7161
|l 0
|o snkČSB 5593/14/2011 D1
|p 17A1087764
|r 2026-02-21 20:42:09
|t č. 1-4
|w 2026-02-21
|y PREZ
|
| 952 |
|
|
|0 0
|1 0
|4 0
|7 0
|8 0
|a SNK
|b SNK
|d 2014-03-19
|f 1
|i snk2014/7162
|l 0
|o snkČSB 5593/15/2012
|p 17A1087765
|r 2026-02-21 20:42:09
|t č. 1-4
|w 2026-02-21
|y PREZ
|
| 952 |
|
|
|0 0
|1 0
|4 0
|7 0
|8 0
|a SNK
|b SNK
|d 2014-03-19
|i snk2014/7163
|l 0
|o snkČSB 5593/15/2012 D1
|p 17A1087766
|r 2026-02-21 20:42:09
|t č. 1-4
|w 2026-02-21
|y PREZ
|
| 952 |
|
|
|0 0
|1 0
|4 0
|7 0
|8 0
|a SNK
|b SNK
|d 2014-03-19
|f 1
|i snk2014/7164
|l 0
|o snkČSB 5593/16/2013
|p 17A1087767
|r 2026-02-21 20:42:09
|t č. 1-4
|w 2026-02-21
|y PREZ
|z Chýba č. 4
|
| 952 |
|
|
|0 0
|1 0
|4 0
|7 0
|8 0
|a SNK
|b SNK
|d 2014-03-19
|i snk2014/7165
|l 0
|o snkČSB 5593/16/2013 D1
|p 17A1087768
|r 2026-02-21 20:42:09
|t č. 1-4, neúplné
|w 2026-02-21
|y PREZ
|z Chýba č. 3, 4
|
| 952 |
|
|
|0 0
|1 0
|4 0
|7 0
|8 0
|a SNK
|b SNK
|d 2014-03-18
|f 1
|i snk2014/6925
|l 0
|o snkČSB 5593/9/2006
|p 17A1087753
|r 2026-02-21 20:42:13
|t č. 1-4
|w 2026-02-21
|y PREZ
|
| 952 |
|
|
|0 0
|1 0
|4 0
|7 0
|8 0
|a SNK
|b SNK
|d 2014-03-18
|i snk2014/6926
|l 0
|o snkČSB 5593/9/2006 D1
|p 17A1087754
|r 2026-02-21 20:42:13
|t č. 1-4
|w 2026-02-21
|y PREZ
|
| 952 |
|
|
|0 0
|1 0
|4 0
|7 0
|8 0
|a SNK
|b SNK
|d 2014-03-18
|f 1
|i snk2014/6928
|l 0
|o snkČSB 5593/10/2007
|p 17A1087755
|r 2026-02-21 20:42:13
|t č. 1-4
|w 2026-02-21
|y PREZ
|
| 952 |
|
|
|0 0
|1 0
|4 0
|7 0
|8 0
|a SNK
|b SNK
|d 2014-03-18
|i snk2014/6929
|l 0
|o snkČSB 5593/10/2007 D1
|p 17A1087756
|r 2026-02-21 20:42:14
|t č. 1-4
|w 2026-02-21
|y PREZ
|
| 952 |
|
|
|0 0
|1 0
|4 0
|7 0
|8 0
|a SNK
|b SNK
|d 2008-03-03
|f 1
|i snk2008/5334
|l 0
|o snkČSB 5593/8/2005
|p 17A0563412
|r 2026-02-21 21:42:42
|t č. 1-4
|w 2026-02-21
|y PREZ
|
| 952 |
|
|
|0 0
|1 0
|4 0
|7 0
|8 0
|a SNK
|b SNK
|d 2016-02-29
|f 1
|i snk2016/5745
|l 0
|o snkČSB 5593/17/2014
|p 17A1098398
|r 2026-02-21 22:02:35
|t č. 1-4
|w 2026-02-21
|y PREZ
|z pri č. 4 uvedené rozpätie rokov 2014-2015
|
| 952 |
|
|
|0 0
|1 0
|4 0
|7 0
|8 0
|a SNK
|b SNK
|d 2016-02-29
|i snk2016/5746
|l 0
|o snkČSB 5593/17/2014 D1
|p 17A1098397
|r 2026-02-21 22:02:35
|t č. 1-4
|w 2026-02-21
|y PREZ
|z pri č.4 uvedené rozpätie rokov 2014-2015
|
| 952 |
|
|
|0 0
|1 0
|4 0
|7 0
|8 0
|a SNK
|b SNK
|d 2016-02-29
|f 1
|i snk2016/5747
|l 0
|o snkČSB 5593/18/2015
|p 17A1098396
|r 2026-02-21 22:02:40
|t č. 1-4
|w 2026-02-21
|y PREZ
|z pri č. 4 uvedené rozpätie rokov 2015-2016
|
| 952 |
|
|
|0 0
|1 0
|4 0
|7 0
|8 0
|a SNK
|b SNK
|d 2020-09-28
|f 1
|i snk2020/17154
|l 0
|o snkČSB 5593/19/2017
|p 17A1431554
|r 2026-02-21 22:16:04
|t č. 1-4, neúplné
|w 2026-02-21
|y PREZ
|z Chýba č. 2,4
|
| 952 |
|
|
|0 0
|1 0
|4 0
|7 0
|8 0
|a SNK
|b SNK
|d 2017-07-21
|i snk2017/16789
|l 0
|o snkČSB 5593/18/2015 D1
|p 17A1263161
|r 2026-02-21 22:25:26
|t č. 1-4
|w 2026-02-21
|y PREZ
|z Spracované ako roč. 18, na časopise od č. 2/2015 uvedený roč. 17 ; pri č. 4 uvedené rozpätie rokov 2015-2016
|
| 952 |
|
|
|0 0
|1 0
|4 0
|7 0
|8 0
|a SNK
|b SNK
|d 2017-07-21
|f 1
|i snk2017/16791
|l 0
|o snkČSB 5593/18/2016
|p 17A1263160
|r 2026-02-21 22:25:26
|t č. 1-4
|w 2026-02-21
|y PREZ
|